FUNDAMENTALS OF ENGINEERING HEAT & MASS TRANSFER (Record no. 655343)

MARC details
000 -LEADER
fixed length control field 00403pam a2200157a 44500
008 - FIXED-LENGTH DATA ELEMENTS--GENERAL INFORMATION
fixed length control field 230515b2011 xxu||||| |||| 00| 0 eng d
020 ## - INTERNATIONAL STANDARD BOOK NUMBER
International Standard Book Number NULL
041 ## - LANGUAGE CODE
Language code of text/sound track or separate title ENGLISH
082 ## - DEWEY DECIMAL CLASSIFICATION NUMBER
Classification number 621.4022
100 ## - MAIN ENTRY--PERSONAL NAME
Personal name SACHDEVA R.C.
245 ## - TITLE STATEMENT
Title FUNDAMENTALS OF ENGINEERING HEAT & MASS TRANSFER
250 ## - EDITION STATEMENT
Edition statement 2008
260 ## - PUBLICATION, DISTRIBUTION, ETC.
Place of publication, distribution, etc. DELHI
Name of publisher, distributor, etc. NEW AGE INTERNATIONAL (P) LIMITED
Date of publication, distribution, etc. 2011
300 ## - PHYSICAL DESCRIPTION
Extent XX-652
650 ## - SUBJECT ADDED ENTRY--TOPICAL TERM
Topical term or geographic name entry element NULL
Holdings
Withdrawn status Lost status Damaged status Not for loan Home library Current library Shelving location Date acquired Source of acquisition Cost, normal purchase price Total Checkouts Full call number Barcode Date last seen Price effective from Koha item type
        College of Engineering, Pune College of Engineering, Pune   14/10/2011 BHARATI MADHAWARTI SAHAKARI GRAHAK BHANDAR LTD 295.00   621.4022 ECP-P-2410 28/06/2023 28/06/2023 Book